Trouvez le Ghibli (détails) - Statistiques

Statistiques générales
  • Ce quiz a été pris 615 fois
  • Le résultat moyen est 10 sur 12
Statistiques - réponses
Par images Réponse % Correct
Le château dans le ciel
97%
Le château ambulant
95%
Le voyage de Chihiro
94%
Ponyo
91%
Arrietty
87%
Princesse Mononoke
84%
Kiki la petite sorcière
83%
Mon voisin totoro
77%
Porco Rosso
77%
La colline aux coquelicots
76%
Nausicaa
66%
Souvenirs de Marnie
60%
Aucun quiz correspondant
Distribution des résultats
% des personnes avec chaque résultat
Percentile par nombre de réponses
Votre historique - résultats
Vous n’avez pas pris ce quiz